<?xml version="1.0" encoding="UTF-8"?>
<collection xmlns="http://www.loc.gov/MARC21/slim">
 <record>
  <leader>07459nam a2200565 a 4500</leader>
  <controlfield tag="001">kal2024</controlfield>
  <controlfield tag="003">Gr-AtHEAL</controlfield>
  <controlfield tag="005">20160511075659.0</controlfield>
  <controlfield tag="006">m        d        </controlfield>
  <controlfield tag="008">160413s2015    gr      s           gre|c</controlfield>
  <datafield tag="020" ind1=" " ind2=" ">
   <subfield code="a">9789606032196</subfield>
  </datafield>
  <datafield tag="040" ind1=" " ind2=" ">
   <subfield code="a">GR-AtHEAL</subfield>
   <subfield code="b">gre</subfield>
   <subfield code="c">GR-AtHEAL</subfield>
  </datafield>
  <datafield tag="082" ind1="0" ind2="4">
   <subfield code="a">624.1</subfield>
   <subfield code="2">23</subfield>
  </datafield>
  <datafield tag="100" ind1="1" ind2=" ">
   <subfield code="a">Σοφιανόπουλος, Δημήτριος.</subfield>
   <subfield code="8">2033</subfield>
  </datafield>
  <datafield tag="245" ind1="1" ind2="0">
   <subfield code="a">Μη γραμμική ευστάθεια κατασκευών</subfield>
   <subfield code="h">[Ηλεκτρονικός πόρος] </subfield>
   <subfield code="b">Έμφαση στις χαλύβδινες κατασκευές</subfield>
   <subfield code="c">Σοφιανόπουλος, Δημήτριος ; Κριτικός αναγνώστης,Αβραμίδης, Ιωάννης ; Γραφιστική επιμέλεια,Δεδικούση, Σταματία ; Τεχνική επιμέλεια,Πανταζή, Βασιλική ; Γλωσσική επιμέλεια,Βούλγαρη, Χρυσούλα.</subfield>
  </datafield>
  <datafield tag="260" ind1=" " ind2=" ">
   <subfield code="a">Αθήνα :</subfield>
   <subfield code="b">Σύνδεσμος Ελληνικών Ακαδημαϊκών Βιβλιοθηκών,</subfield>
   <subfield code="c">c2015.</subfield>
  </datafield>
  <datafield tag="490" ind1=" " ind2=" ">
   <subfield code="a">Ακαδημαϊκά Ηλεκτρονικά Συγγράμματα και Βοηθήματα Κάλλιπος</subfield>
   <subfield code="8">40</subfield>
  </datafield>
  <datafield tag="520" ind1=" " ind2=" ">
   <subfield code="a">To βιβλίο αυτό απευθύνεται στους προπτυχιακούς και μεταπτυχιακούς φοιτητές, που στον κύκλο σπουδών τους διδάσκονται θέματα Ευστάθειας κατασκευών, αλλά και τους ερευνητές που ασχολούνται με προβλήματα μη Γραμμικής Στατικής και Δυναμικής Ευστάθειας. Πιο συγκεκριμένα, μετά από Εισαγωγή και μια σύντομη παρουσίαση των βασικών εννοιών, αρχών και εφαρμογών της Γραμμικής Θεωρίας της Ελαστικής Ευστάθειας, που περιέχεται στο Κεφάλαιο 2, το σύγγραμμα απαρτίζεται από οκτώ ακόμα Κεφάλαια, τα οποία αναφέρονται στη μη γραμμική ευστάθεια, στατική και δυναμική. Αναλυτικότερα στο Κεφάλαιο 3 παρατίθεται το θεμελιώδες υλικό της Μη Γραμμικής Στατικής Ευστάθειας (η έννοια της μη γραμμικότητας, των σημείων και δρόμων ισορροπίας, της ευστάθειας και των συναφών κριτηρίων – μεθόδων υπολογισμού τους) και στο Κεφάλαιο 4 παρουσιάζεται ο ρόλος των μηχανικών προσομοιωμάτων (ειδικά μονοβάθμιων και διβάθμιων) και μέσω αυτών καταδεικνύονται τα διακριτά κρίσιμα σημεία (οριακά, διακλαδικά) και οι απλές και συζευγμένες διακλαδώσεις. Στο Κεφάλαιο 5 συσχετίζεται η ύλη των προηγούμενων δύο με τη Θεωρία των Καταστροφών, με έμφαση στην ανωμαλία τύπου αιχμής, ενώ το 6ο Κεφάλαιο πραγματεύεται την μη γραμμική ευστάθεια συνήθων συνεχών συστημάτων – ραβδωτών φορέων. Τα επόμενα τρία Κεφάλαια αναφέρονται σε προβλήματα μη γραμμικής δυναμικής ευστάθειας διακεκριμένων και συνεχών, συντηρητικών και μη συστημάτων με ή χωρίς απόσβεση και δίδονται οι έννοιες τοπικών και καθολικών δυναμικών διακλαδώσεων, απόκλισης, πτερυγισμού και αστάθειας υπό παραμετρικές διεγέρσεις. Στο Κεφάλαιο 10 παρατίθενται στοιχεία ελαστοπλαστικού λυγισμού και συσχετίζεται η όλη ύλη με την ευστάθεια και την κατάρρευση χαλύβδινων κατασκευών, με έμφαση στους υφιστάμενους Κώδικες και δίδεται η επιρροή διαφόρων παραμέτρων στα φαινόμενα αυτά. Το 11ο Κεφάλαιο πραγματεύεται τις πλέον μοντέρνες υπολογιστικές τεχνικές μελέτης στατικής και δυναμικής ευστάθειας δομικών συστημάτων και τέλος στο Παράρτημα δίδονται στοιχεία του Λογισμού των Μεταβολών.</subfield>
  </datafield>
  <datafield tag="650" ind1=" " ind2="0">
   <subfield code="a">Structural engineering</subfield>
   <subfield code="8">2573</subfield>
  </datafield>
  <datafield tag="653" ind1=" " ind2=" ">
   <subfield code="a">Υπολογιστικές τεχνικές</subfield>
  </datafield>
  <datafield tag="653" ind1=" " ind2=" ">
   <subfield code="a">Αριθμητικές μέθοδοι</subfield>
  </datafield>
  <datafield tag="653" ind1=" " ind2=" ">
   <subfield code="a">Λογισμός των μεταβολών</subfield>
  </datafield>
  <datafield tag="653" ind1=" " ind2=" ">
   <subfield code="a">Ελαστοπλαστικός λυγισμός</subfield>
  </datafield>
  <datafield tag="653" ind1=" " ind2=" ">
   <subfield code="a">Παραμετρικός συντονισμός</subfield>
  </datafield>
  <datafield tag="653" ind1=" " ind2=" ">
   <subfield code="a">Μη γραμμικά διανυσματικά πεδία</subfield>
  </datafield>
  <datafield tag="653" ind1=" " ind2=" ">
   <subfield code="a">Τοπικές και καθολικές μορφές αστοχίας</subfield>
  </datafield>
  <datafield tag="653" ind1=" " ind2=" ">
   <subfield code="a">Ρόλος της απόσβεσης</subfield>
  </datafield>
  <datafield tag="653" ind1=" " ind2=" ">
   <subfield code="a">Πτερυγισμός</subfield>
  </datafield>
  <datafield tag="653" ind1=" " ind2=" ">
   <subfield code="a">Απόκλιση</subfield>
  </datafield>
  <datafield tag="653" ind1=" " ind2=" ">
   <subfield code="a">Συντηρητικά και μη συντηρητικά συστήματα</subfield>
  </datafield>
  <datafield tag="653" ind1=" " ind2=" ">
   <subfield code="a">Δυναμική ευστάθεια</subfield>
  </datafield>
  <datafield tag="653" ind1=" " ind2=" ">
   <subfield code="a">Θεωρία καταστροφών</subfield>
  </datafield>
  <datafield tag="653" ind1=" " ind2=" ">
   <subfield code="a">Μηχανικά μοντέλα</subfield>
  </datafield>
  <datafield tag="653" ind1=" " ind2=" ">
   <subfield code="a">Διακεκριμένα και συνεχή συστήματα</subfield>
  </datafield>
  <datafield tag="653" ind1=" " ind2=" ">
   <subfield code="a">Κρίσιμα σημεία</subfield>
  </datafield>
  <datafield tag="653" ind1=" " ind2=" ">
   <subfield code="a">Σημεία και δρόμοι ισορροπίας</subfield>
  </datafield>
  <datafield tag="653" ind1=" " ind2=" ">
   <subfield code="a">Διακλαδώσεις</subfield>
  </datafield>
  <datafield tag="653" ind1=" " ind2=" ">
   <subfield code="a">Λυγισμός</subfield>
  </datafield>
  <datafield tag="653" ind1=" " ind2=" ">
   <subfield code="a">Μη γραμμικότητα υλικού και γεωμετρίας</subfield>
  </datafield>
  <datafield tag="653" ind1=" " ind2=" ">
   <subfield code="a">Ευστάθεια και κριτήρια ευστάθειας</subfield>
  </datafield>
  <datafield tag="653" ind1=" " ind2=" ">
   <subfield code="a">Τεχνολογία και επιστήμες μηχανικών</subfield>
   <subfield code="a">Τεχνολογία και μηχανική κατασκευών</subfield>
   <subfield code="a">Στατική και δυναμική ανάλυση των κατασκευών</subfield>
  </datafield>
  <datafield tag="653" ind1=" " ind2=" ">
   <subfield code="a">Τεχνολογία και επιστήμες μηχανικών</subfield>
   <subfield code="a">Τεχνολογία και μηχανική κατασκευών</subfield>
   <subfield code="a">Χάλυβας</subfield>
  </datafield>
  <datafield tag="653" ind1=" " ind2=" ">
   <subfield code="a">Τεχνολογία και επιστήμες μηχανικών</subfield>
   <subfield code="a">Τεχνολογία και μηχανική κατασκευών</subfield>
   <subfield code="a">Δομική μηχανική</subfield>
  </datafield>
  <datafield tag="653" ind1=" " ind2=" ">
   <subfield code="a">Τεχνολογία και επιστήμες μηχανικών</subfield>
   <subfield code="a">Τεχνολογία και μηχανική κατασκευών</subfield>
   <subfield code="a">Μεταλλικές κατασκευές</subfield>
  </datafield>
  <datafield tag="700" ind1="1" ind2=" ">
   <subfield code="a">Αβραμίδης, Ιωάννης Ε.</subfield>
   <subfield code="e">Κριτικός αναγνώστης</subfield>
   <subfield code="8">2034</subfield>
  </datafield>
  <datafield tag="856" ind1="4" ind2="0">
   <subfield code="u">http://hdl.handle.net/11419/2024</subfield>
   <subfield code="z">Πλήρες Κείμενο - Full text</subfield>
  </datafield>
  <datafield tag="907" ind1=" " ind2=" ">
   <subfield code="a">.b25678395</subfield>
   <subfield code="b">12-06-18</subfield>
   <subfield code="c">29-07-16</subfield>
  </datafield>
  <datafield tag="949" ind1=" " ind2=" ">
   <subfield code="0">0</subfield>
   <subfield code="1">0</subfield>
   <subfield code="2">ddc</subfield>
   <subfield code="4">0</subfield>
   <subfield code="6">624_100000000000000_ΣΟΦ</subfield>
   <subfield code="7">0</subfield>
   <subfield code="8">KALL</subfield>
   <subfield code="8">598</subfield>
   <subfield code="d">2016-04-13</subfield>
   <subfield code="r">2016-04-13</subfield>
   <subfield code="w">2016-04-13</subfield>
   <subfield code="z">624.1 ΣΟΦ</subfield>
   <subfield code="o">SEAB KALLIPOS</subfield>
  </datafield>
  <datafield tag="998" ind1=" " ind2=" ">
   <subfield code="a">80</subfield>
   <subfield code="a">01</subfield>
   <subfield code="a">02</subfield>
   <subfield code="a">03</subfield>
   <subfield code="a">04</subfield>
   <subfield code="a">05</subfield>
   <subfield code="a">06</subfield>
   <subfield code="a">07</subfield>
   <subfield code="a">08</subfield>
   <subfield code="a">09</subfield>
   <subfield code="a">10</subfield>
   <subfield code="a">11</subfield>
   <subfield code="a">12</subfield>
   <subfield code="a">13</subfield>
   <subfield code="a">14</subfield>
   <subfield code="a">15</subfield>
   <subfield code="a">16</subfield>
   <subfield code="a">17</subfield>
   <subfield code="a">18</subfield>
   <subfield code="a">19</subfield>
   <subfield code="a">20</subfield>
   <subfield code="a">21</subfield>
   <subfield code="a">22</subfield>
   <subfield code="a">23</subfield>
   <subfield code="a">24</subfield>
   <subfield code="a">25</subfield>
   <subfield code="a">26</subfield>
   <subfield code="b">11-05-17</subfield>
   <subfield code="c">m</subfield>
   <subfield code="d">z  </subfield>
   <subfield code="e">-</subfield>
   <subfield code="f">gre</subfield>
   <subfield code="g">gr </subfield>
   <subfield code="h">0</subfield>
  </datafield>
  <datafield tag="942" ind1=" " ind2=" ">
   <subfield code="2">ddc</subfield>
   <subfield code="c">KALLIPOS</subfield>
  </datafield>
 </record>
</collection>
